000 00744nja a2200217 a 4500
003 BLK
005 20230801120854.0
008 180414c bul|r|ner|||| 00| c0bul d
010 _aNOT00001131002
040 _aBLK
100 _aНиколов, Лазар Костов
_d1922-2005
_9388913
700 1 _aГенов, Иван
_eтекст
_9367835
245 1 0 _aМама
_cЛазар Костов Николов; текст Иван Генов.
257 _aBGR
380 _a7
773 _0300590
_9651779
_aНиколов, Лазар Костов
_tПеснички чудеснички
852 _aЦБ М 1046
942 _cNOT
_n0
944 _aCR
_c
_k30556
_lТеодора Пейчева-Дянкова
944 _aED
_c05.12.2007
_k
999 _c300592
_d300592